Statystyki dla Pytania odnośnie Azji

Kliknij tutaj aby rozwiązać quiz!

Ogólne statystyki

  • Ten quiz został rozwiązany 44 razy
  • Średni wynik to 7 z 15

Statystyki odpowiedzi

ZagadnienieOdpowiedź% Poprawnych
Najwyższy szczyt Azji po Mount Everest to:K2
87%
Które Góry oddzielają część azjatycką od europejskiej?Ural
82%
Największą wyspą Azji jest:Borneo
71%
Stolicą Pakistanu jest:Islamabad
71%
Od północy, wschodu i zachodu graniczy z jednym państwem. Południowa "granica" to pewna zatoka. Populacja wynosi ok. 163 miliony osób (2017r.). O którym kraju mowa?Bangladesz
61%
Za to najmniej os./km² przypada w:Mongolii
55%
Ile wynosi populacja Japonii (2020r.)?ok. 125 milionów
53%
Jaka jest pełna nazwa Omanu?Sułtanat Omanu
45%
Najgęściej zaludnionym krajem jest:Singapur
39%
Która nizina znajduje się najbliżej Kazachstanu?Turańska
37%
Który kraj może się pochwalić uprawą np. kwadratowych arbuzów?Japonia
34%
Które z mórz nie "graniczy" z Rosją?Banda
32%
Ile niepodległych państw znajduje się w Azji48
26%
W którym kraju walutą jest dirham?Zjednoczone Emiraty Arabskie
24%
Największym dopływem której rzeki jest Sungari?Amuru
3%

Rozkład punktacji

Percentyl według liczby udzielonych odpowiedzi

Procent ludzi z każdym wynikiem

Twoja historia wyników

Nie rozwiązałeś tego quizu